000 00480nam a22001697a 4500
005 20260223094603.0
008 260223b |||||||| |||| 00| 0 eng d
020 _a9788131243053 (pbk)
040 _cPK-LaUMT
082 _a617.6
_bMAL-M
100 _aMalamed, Stanley F.
_99421
245 _aMedical emergencies in the dental office /
_cby Stanley F. Malamed and Daniel L. Orr
250 _a7th ed.
260 _aHaryana :
_bElsevier,
_c2015
300 _a550 p.
942 _cBK
999 _c139832
_d139832